'Tuca & Bertie' Cast Photo Quiz Stats

 Plays Quiz not verified by Sporcle

Score 0/6 Timer 02:30
0 Plays Today
% Correct
Tuca
100%
Roberta 'Bertie' Songthrush
87.5%
Speckle
37.5%
Tiffany Haddish
37.5%
Ali Wong
37.5%
Steven Yeun
37.5%

You're not logged in!

Compare scores with friends on all Sporcle quizzes.
OR
Log In

Sporcle TV

Today on Sporcle TV


Watch our educational content, quiz creation guides, and fun videos on Sporcle TV.

Show Comments

Extras

Top Quizzes Today


Score Distribution

Your Account Isn't Verified!

In order to create a playlist on Sporcle, you need to verify the email address you used during registration. Go to your Sporcle Settings to finish the process.

Report this User

Report this user for behavior that violates our Community Guidelines.

Details: